Metamodeling : A Study of Approximations in Queueing Models

Αποθηκεύτηκε σε:
Λεπτομέρειες βιβλιογραφικής εγγραφής
Κύριος συγγραφέας: Agrawal, Subhash Chandra
Μορφή: Βιβλίο
Γλώσσα:English
Δημοσίευση: Cambridge : The MIT pres, c1985
Σειρά:MIT series in computer systems
Θέματα:
Ετικέτες: Προσθήκη ετικέτας
Δεν υπάρχουν, Καταχωρήστε ετικέτα πρώτοι!

MARC

LEADER 00000nam a2200000 i 4500
001 1/42180
008 950308s1985 eng d
020 |a 0-262-01080-1 
035 |1 ΕΛΗ  |a 1995  |c ΠΑΠΑΔΟΠΟΥΛΟΣ  |l 10041696 
040 |a GR-MY-UA  |b gre  |e aacr 
041 0 |a eng 
082 0 |a 519.82 
100 1 |a Agrawal, Subhash Chandra. 
245 1 0 |a Metamodeling :  |b A Study of Approximations in Queueing Models /  |c Subhash Chandra Agrawal 
260 |a Cambridge :   |b The MIT pres,   |c c1985 
300 |a 262 p.;  |c 23 cm. 
490 1 |a MIT series in computer systems 
500 |a Includes bibliographical references and index 
650 0 0 |a Digital computer simulation. 
650 0 0 |a Electronic digital computers  |x Evaluation. 
650 0 0 |a Queuing theory. 
650 0 0 |a Approximation theory. 
830 0 |a MIT series in computer systems 
852 |a INST  |b SAMOS  |e 19950308  |h 519.82 AGR  |p 005300009858  |q 005300009858  |t BK  |y 0 
909 |a Σ  |b 044764